Test culture générale- 7 - Statistiques

Statistiques générales
  • Ce quiz a été pris 5 498 fois
  • Le résultat moyen est 5 sur 10
Statistiques - réponses
Questions Réponses % Correct
Quel pays le mouvement des Talibans a-t-il gouverné de 1996 à 2001? L’Afghanistan
76%
À quel philosophe doit-on: « Je pense, donc je suis. »? René Descartes
74%
Quel est l’homme politique qui a pris le pouvoir à Cuba à partir de 1959? Fidel Castro
70%
Pour quel groupe de musique, « vivons-nous tous dans un sous-marin jaune » (« we all live in a yellow submarine »)? The Beatles
67%
Où se situe l’Oural? En Russie
65%
Que collectionne un philatéliste? Des timbres
59%
Dans quel film trouve-t-on la célèbre réplique « I’ll be back »? Terminator
42%
De quel écrivain la « Comédie humaine » est-elle la grande œuvre? Honoré de Balzac
31%
Quel est l’adjectif signifiant « malicieux et moqueur » Narquois
26%
Comment se nomme la peur de voir une horloge? chronomentrophobie
3%
Aucun quiz correspondant
Distribution des résultats
% des personnes avec chaque résultat
Percentile par nombre de réponses
Votre historique - résultats
Vous n’avez pas pris ce quiz